Correo curioso, erudito, económico y mercantil de la Ciudad de Santafé de Bogotá (Registro nro. 20197)
[ vista simple ]
| 000 -ENCABEZADO | |
|---|---|
| Número de control [NR] | 01029nam a2200241Ia 4500 |
| 008 - DE LONGITUD FIJA DE DATOS DE ELEMENTOS - INFORMACIÓN GENERAL | |
| Elementos de longitud fija [NR] | 130821s1993 ck gr spa |
| 020 ## - NUMERO INTERNACIONAL NORMALIZADO PARA LIBROS [R] | |
| Número Internacional Normalizado del libro [NR] | 9586120937 |
| 040 ## - FUENTE DE CATALOGACION [NR] | |
| Agencia de catalogación original [NR] | Co-BoUCM |
| Idioma de catalogación [NR] | spa |
| 041 00 - CODIGO DE IDIOMA [R] | |
| Código de idioma para texto/pista de sonido o título separado [R] | Español |
| 110 1# - ASIENTO PRINCIPAL--NOMBRE CORPORATIVO [NR] | |
| Nombre corporativo o de jurisdicción como elemento de entrada [NR] | Colombia. |
| Unidad subordinada [R] | Ministerio de Cultura. |
| -- | Biblioteca Nacional |
| ID de autoridad | 145314 |
| 245 00 - MENCION DE TITULO [NR] | |
| Título [NR] | Correo curioso, erudito, económico y mercantil de la Ciudad de Santafé de Bogotá |
| Mención de responsabilidad, etc. [NR] | Biblioteca Nacional de Colombia. |
| 260 ## - PUBLICACION, DISTRIBUCION, ETC. (PIE DE IMPRENTA) [R] | |
| Lugar de publicación, distribución, etc. [R] | Bogotá (Cundinamarca, Colombia) |
| Nombre del editor, distribuidor, etc. [R] | La Biblioteca |
| Fecha de publicación, distribución, etc. [R] | 1993 |
| 300 ## - DESCRIPCION FISICA [R] | |
| Extensión [R] | 212 páginas |
| Material acompañante [NR] | 1facsimilar |
| 490 ## - MENCION DE SERIE [R] | |
| Mención de serie [R] | Facsimilar Biblioteca Nacional |
| 504 ## - NOTA DE BIBLIOGRAFIA, ETC. [R] | |
| Nota de bibliografía, etc. [NR] | |
| 505 ## - NOTA DE CONTENIDO CON FORMATO PREESTABLECIDO [R] | |
| Nota de contenido con formato preestablecido [NR] | Incluye Facsimilar de Correo Curioso de Santafé de Bogotá, Número 6, del martes 24 de marzo de 1801. |
| 650 04 - ASIENTO SECUNDARIO DE MATERIA - TERMINO TEMATICO [R] | |
| Término temático o nombre geográfico como elemento de entrada [NR] | Correo |
| Subdivisión general [R] | Historia |
| Subdivisión geográfica [R] | Colombia |
| Subdivisión general [R] | Historia y crítica |
| 9 (RLIN) | 156483 |
| 650 04 - ASIENTO SECUNDARIO DE MATERIA - TERMINO TEMATICO [R] | |
| Término temático o nombre geográfico como elemento de entrada [NR] | Periodismo |
| 9 (RLIN) | 21340 |
| 650 04 - ASIENTO SECUNDARIO DE MATERIA - TERMINO TEMATICO [R] | |
| Término temático o nombre geográfico como elemento de entrada [NR] | Prensa |
| Subdivisión general [R] | Historia |
| Subdivisión geográfica [R] | Colombia |
| 9 (RLIN) | 22205 |
| 651 ## - ASIENTO SECUNDARIO DE MATERIA - NOMBRE GEOGRAFICO [R] | |
| Nombre geográfico [NR] | Colombia |
| Subdivisión general [R] | Historia |
| Subdivisión cronológica [R] | Colonia |
| -- | 1550-1810 |
| 9 (RLIN) | 26606 |
| 942 ## - ELEMENTOS DE ENTRADA AGREGADOS (KOHA) | |
| Tipo de ítem principal el descrito en 300a | Libro |
| Tema principal | Comunicación |
| Edición | 1 |
| Parte restante de la signatura top. | C718c |
| Sistema de clasificación | DEWEY |
| Clasificación | 079.861 |
| Fecha de último préstamo | Total préstamos | Signatura topográfica | Código de barras | Última vez visto | Ejemplar | Price effective from | Tipo de ítem | Perdido | Sistema de clasificación | Dañado | No prestable | Tipo de ítem específico | Suprimido | Ubicación habitual | Ubicación actual | Localización | Fecha de creación | Forma de adquisición | Costo |
|---|---|---|---|---|---|---|---|---|---|---|---|---|---|---|---|---|---|---|---|
| 10/02/2020 | 4 | 079.861 C718c | 100039909 | 05/12/2025 | Ej.1 | 03/02/2013 | Libro | DEWEY | Libro | Claustro | Claustro | 2do piso | 28/02/2003 | 1000.00 |